000 01156nam a2200337 i 4500
001 bg
003 KOSZ 005
005 20230124122227.0
008 070620s1966 pl a f 000 0 pol
015 _aPB 1966/6560
040 _aWA N
_cKOSZ 005/RW
_dKOSZ 005/RW
_dKOSZ 005/HR
046 _k1966
080 _a006
080 _a167/168
080 _a025
100 1 _aMrozowski, Bolesław
_eAutor
245 1 0 _aKlasyfikacja w normalizacji /
_cB. Mrozowski, W. Wołoszyn.
260 _aWarszawa :
_bWydawnictwa Normalizacyjne,
_c1966.
300 _a86, [1] s. :
_bil. ;
_c23 cm.
380 _aKsiążki.
490 1 _aBiblioteka Normalizatora ;
_v10.
500 _aR. wyd.: 1965.
504 _aBibliogr. s. 86-[87].
521 8 _aDla słuchaczy kursów normalizacyjnych i jako pomoc przy opracowaniu norm.
650 4 _aNormalizacja
700 1 _aWołoszyn, Wojciech.
_eAutor
710 2 _aWydawnictwa Normalizacyjne
_4pbl.
830 0 _aBiblioteka Normalizatora ;
_v10.
856 _uhttp://koha.tu.koszalin.pl/cgi-bin/koha/opac-detail.pl?biblionumber=11359
_yKatalog online BPK
942 _2UKD
_cKS
999 _c11359
_d11359